| 000 | 00639nam 22001933 4500 | ||
|---|---|---|---|
| 001 | 202862 | ||
| 090 | _a202862 | ||
| 100 | _a20240306d u||y0pory50 ba | ||
| 200 |
_aExílio _fAlberto de Lacerda |
||
| 210 |
_aLisboa _cPortugália _dimp.1963 |
||
| 215 |
_aXLVII,144, [3] p. _cbrochado _d21 cm |
||
| 225 |
_aPoetas de hoje _v13 |
||
| 300 | _aContém dedicatória na folha de rosto Notas do Prof. Dr. Almeida Faria na folha de guarda | ||
| 606 |
_923 _aLiteratura Portuguesa _xPoesia |
||
| 675 |
_a821.134.3-1 _vPT _zpor |
||
| 700 |
_95861 _aLacerda _bAlberto de _f1928-2007 |
||
| 801 |
_aPT _bBMMN _gRPC |
||
| 830 |
_cAna Falardo _fAna Falardo |
||
| 990 | _cLIVROS | ||